LEADER 01123nam a2200253 4500 001 000000357711 003 CaOOAMICUS 005 20240322093644.0 008 240322s2024 sz a 000 u eng r 040 $aSeMil$bita 100 1 $aPieroni, Vittorio,$d<1971- >.$0(OLS)http://semarc/name/56118 245 14$aThe first Cyclida from the Triassic of Italy /$cVittorio Pieroni. 264 1$a[S.l. :$bs.n.],$c2024. 300 $aP. 1-8 :$bill. ;$c30 cm 500 $aEstratto da: Swiss Journal of Palaeontology, 143:9, 2024 650 4$aArtropodi - Ciclidi - Paleontologia.$0(OLS)http://semarc/subject/55272 650 4$aBiella - Paleontologia.$0(OLS)http://semarc/subject/55271 650 4$aSan Salvatore - Triassico.$0(OLS)http://semarc/subject/54906 850 $aSeMil 852 $aSeMil$W1$xVenegono$y1$m5B XI 8/49$j247210$B248883$CSeMilBibl$Z2$F248883 $81 961 $aPieroni, Vittorio - Omaggio 996 $6245$aThe first Cyclida from the Triassic of Italy$9(OLS)http://semarc/title/447985 996 $6264$a[S.l. :$bs.n.]$9(OLS)http://semarc/publisher/29751 LEADER 01546nam a2200301 i 4500 001 000000182747 003 CaOOAMICUS 005 20091030000000.0 008 091030s1968 it u000 u fre u 013 $a160708 040 $aSeMil$bita 100 1 $aPetit, François.$0(OLS)http://semarc/name/67313 245 13$aLa réforme des prêtres au moyen age :$bpauvreté et vie commune /$ctextes choisis et présentés par François Petit. 260 $aParis :$bLes Éditions du Cerf,$ccopyr. 1968. 300 $a179 p. ;$c18 cm. 490 0 $aChrétiens de tous les temps ;$v29 500 $aContiene : Table chronologique ; Bibliographie. 650 4$aChiesa cattolica - Clero - Vita comune.$0(OLS)http://semarc/subject/6555 650 4$aSacerdozio.$0(OLS)http://semarc/subject/255 650 4$aPresbiteri - Ministero - Spiritualità.$0(OLS)http://semarc/subject/4818 650 4$aChiesa cattolica - Clero - Storia - Medioevo.$0(OLS)http://semarc/subject/34554 650 4$aChiesa cattolica - Clero - Povertà - Medioevo.$0(OLS)http://semarc/subject/34555 650 4$aChiesa cattolica - Clero - Riforma.$0(OLS)http://semarc/subject/34556 830 0$aChrétiens de tous les temps ;$v29.$0(OLS)http://semarc/title/21503 850 $aSeMil 852 $aSeMil$W1$xVenegono$y1$m3E I 165$j133451$B133451$CSeMilBibl$Z2$F145231 $81 996 $6245$aLa réforme des prêtres au moyen age :$bpauvreté et vie commune$9(OLS)http://semarc/title/262207 996 $6260$aParis :$bLes Éditions du Cerf$9(OLS)http://semarc/publisher/29611